| 000 | 00381nam a2200157Ia 4500 | ||
|---|---|---|---|
| 003 | LK-CoDNM | ||
| 008 | 010623t1924 xxu||||| |||| 00| 1 eng d | ||
| 040 |
_aLK-CoDNM _dLK-CoDNM _eLK-CoDNM |
||
| 041 | _aeng | ||
| 080 | _a20 G 25 | ||
| 245 | _aPlate's Ceylon annual,1924 | ||
| 260 |
_bPlate Ltd _aColpetty _c1924 |
||
| 300 | _b68p,ill,pl., 26 cm | ||
| 650 | _aFishing | ||
| 942 | _cBK | ||
| 999 |
_c92145 _d92145 |
||